Sports Quiz

Random Sports Quiz
Score 0/25 Timer 10:00
0 Plays Today
Age & Career Total Player % Correct
38-686Babe Ruth
99.5%
39-713Hank Aaron
99.5%
40-733Hank Aaron
99.5%
41-745Hank Aaron
99.5%
25-241Alex Rodriguez
98.9%
26-298Alex Rodriguez
98.9%
27-345Alex Rodriguez
98.9%
28-381Alex Rodriguez
98.9%
29-429Alex Rodriguez
98.9%
30-464Alex Rodriguez
98.9%
31-518Alex Rodriguez
98.9%
32-553Alex Rodriguez
98.9%
33-583Alex Rodriguez
98.9%
Age & Career Total Player % Correct
34-613Alex Rodriguez
98.9%
35-629Alex Rodriguez
98.9%
36-647Alex Rodriguez
98.9%
37-653Alex Rodriguez
98.9%
42-762Barry Bonds
98.9%
23-153Eddie Mathews & Mel Ott
90%
20-61Mel Ott
89.5%
21-86Mel Ott
89.5%
22-115Mel Ott
89.5%
24-190Eddie Mathews
86.3%
19-24Tony Conigliaro
54.2%
18-9Phil Cavarretta
15.8%
Remove Ads.
Support Sporcle.
Get the best of Sporcle when you Go Orange. This ad-free experience offers more features, more stats, and more fun while also helping to support Sporcle. Thank you for becoming a member.

You're not logged in!

Compare scores with friends on all Sporcle quizzes.
OR
Log In

Show Comments

Extras

Created Sep 18, 2013ReportNominate
Tags:Age, Career, home, Home Runs, Player, run, team, total

Top Quizzes Today


Score Distribution

Your Account Isn't Verified!

In order to create a playlist on Sporcle, you need to verify the email address you used during registration. Go to your Sporcle Settings to finish the process.

Report this User

Report this user for behavior that violates our Community Guidelines.

Details: